000 01504cam a2200397 i 4500
001 23013
003 Mx-PuUPA
005 20251029112243.0
008 140415s2005 sp gr 000 0 spa d
017 _aB - 152 -2005
020 _a9788425423802
040 _cMx-PuUPA
_aMx-PuUPA
_bspa
_dMx-PuUPA
_erda
041 1 _aspa
_hfre
100 1 _aGrondin, Jean,
_d1955-
_eautor
_92788
240 1 0 _aDu sens de la vie.
_lEspañol
245 1 4 _aDel sentido de la vida :
_bun ensayo filosófico /
_cJean Grondin ; traducción de Jorge Dávila
250 _a1a. edición
264 1 _aBarcelona :
_bHerder Editorial,
_c2020
300 _a157 páginas ;
_c20 cm
336 _2rdacontent
_atexto
_btxt
337 _2rdamedia
_asin medio
_bn
338 _2rdacarrier
_avolumen
_bnc
500 _aReimpresiones: (4a., 2020).
650 7 _2armarc
_aAntropología filosófica
_y1900-1999
650 7 _2armarc
_aÉtica moderna
_ySiglo XX
650 7 _2armarc
_aValores (Filosofía)
650 7 _2armarc
_aVida
650 7 _2armarc
_aVida (Filosofía)
700 1 _aDávila, Jorge,
_etraductor
765 0 _aGrondin, Jean, 1955-
_dCanada : Éditions Bellarmin, ©1993
_tDu sens de la vie.
942 _2ddc
_cLI
_h128
_iG8718
999 _c23013
_d23013